Policy sciences
| Formato: | Electrónico Revista |
|---|---|
| Lenguaje: | inglés |
| Publicado: |
New York, NY :
American Elsevier Pub. Co.,
1970-
[Dordrecht] : Martinus Nijhoff Publishers [Dordrecht] : Kluwer Academic Publishers [New York] : Springer US |
| Materias: | |
| Acceso en línea: | Full text available from Research Library: 03/01/1999 to 1 year ago |
MARC
| LEADER | 00000nas a2200000 a 4500 | ||
|---|---|---|---|
| 001 | ssj0006727 | ||
| 003 | WaSeSS | ||
| 005 | 20200512172242.0 | ||
| 006 | m d | ||
| 007 | cr n | ||
| 008 | 990729c19709999nyuqr pss 0 a0eng c | ||
| 010 | |a 2004233298 | ||
| 015 | |a 17,O11 |2 dnb | ||
| 016 | 7 | |a 2018631-9 |2 DE-600 | |
| 016 | 7 | |a 02057553X |2 DE-101 | |
| 022 | |a 1573-0891 |l 0032-2687 |y 0032-2687 | ||
| 024 | 8 | |a pq14651 | |
| 030 | |a PLSCBZ | ||
| 035 | |a (WaSeSS)ssj0006727 | ||
| 040 | |a F#A |b eng |c F#A |d OCLCQ |d GUA |d EYM |d U9S |d GUA |d OCLCQ |d BUF |d CUD |d DLC |d OCLCO |d OCLCQ |d OCLCF |d OCLCO |d OCLCQ |d DEBBG |d GWDNB |d RCE |d AU@ |d VT2 |d NJT |d DLC |d WaSeSS | ||
| 042 | |a pcc | ||
| 050 | 0 | 0 | |a H1 |
| 082 | 0 | 4 | |a 300 |
| 130 | 0 | |a Policy sciences (Online) | |
| 210 | 0 | |a Policy sci. |b (Dordr., Online) | |
| 222 | 0 | |a Policy sciences |b (Dordrecht. Online) | |
| 245 | 1 | 0 | |a Policy sciences |h [electronic resource]. |
| 246 | 1 | |a Policy sciences, integrating knowledge and practice to advance human dignity | |
| 260 | |a New York, NY : |b American Elsevier Pub. Co., |c 1970- | ||
| 260 | 2 | |3 July 1986-Dec. 1987 : |a [Dordrecht] : |b Martinus Nijhoff Publishers | |
| 260 | 2 | |3 1988-June 2004 : |a [Dordrecht] : |b Kluwer Academic Publishers | |
| 260 | 3 | |3 Dec. 2004- : |a [New York] : |b Springer US | |
| 310 | |a Quarterly, |b 1981- | ||
| 321 | |a Quarterly, |b 1970-1977 | ||
| 321 | |a Irregular, |b 1978-1980 | ||
| 362 | 0 | |a Vol. 1, no. 1 (Spring 1970)- | |
| 500 | |a Publisher varies: Amsterdam : Elsevier Publishing Company, summer 1971-Dec. 1972; Elsevier Scientific Publishing Company, Mar. 1973-Dec. 1985. | ||
| 500 | |a Title from cover (JSTOR, viewed Jan. 22, 2009). | ||
| 506 | |a License restrictions may limit access. | ||
| 515 | |a Some issues combined. | ||
| 538 | |a Mode of access: World Wide Web. | ||
| 588 | |a Latest issue consulted: Vol. 52, no. 3 (Sept. 2019) (Springer Link, viewed Oct. 11, 2019). | ||
| 650 | 0 | |a Policy sciences |v Periodicals. | |
| 650 | 6 | |a Sciences de la politique |x Périodiques. | |
| 650 | 7 | |a Policy sciences. |2 fast |0 (OCoLC)fst01068796 | |
| 655 | 0 | |a Electronic journals. | |
| 776 | 0 | 8 | |i Print version: |t Policy sciences |x 0032-2687 |w (DLC) 79023541 |w (OCoLC)1316133 |
| 850 | |a DLC | ||
| 856 | 4 | 0 | |z Full text available from Research Library: 03/01/1999 to 1 year ago |u https://search.proquest.com/publication/36633 |